Statistics for Friendliest Countries In The World

Click here to take the quiz!

General Stats

  • This quiz has been taken 20 times
  • The average score is 7 of 15

Answer Stats

Answer% Correct
Canada
84%
Australia
79%
New Zealand
74%
Spain
74%
France
68%
Italy
58%
Brazil
47%
Mexico
47%
Singapore
32%
South Africa
32%
Malaysia
26%
Turkey
21%
United States
21%
Philippines
16%
United Kingdom
16%

Score Distribution

Percentile by Number Answered

Percent of People with Each Score

Your Score History

You have not taken this quiz